[Event "Varese op 19th"]
[Site "Varese"]
[Date "2022.10.09"]
[Round "5"]
[White "Polidoro, Ettore"]
[Black "Simonelli, Mattia"]
[Result "0-1"]
[WhiteElo "1506"]
[BlackElo "1643"]
[PlyCount "60"]
[EventDate "2022.10.07"]
[EventType "swiss"]
[EventRounds "5"]
[EventCountry "ITA"]
[SourceTitle "EXT 2024"]
[Source "ChessBase"]
[SourceDate "2023.10.10"]
[SourceVersion "1"]
[SourceVersionDate "2023.10.10"]
[SourceQuality "1"]

1. d4 Nf6 2. Nf3 c5 3. e3 cxd4 4. exd4 d5 5. Bd3 Nc6 6. 0-0 Bg4 7. c3 Qc7 8. h3 Bh5 9. Bg5 e6 10. Nbd2 Bd6 11. b4 0-0 12. Bxf6 gxf6 13. Qc2 Bg6 14. Bxg6 hxg6 15. Qd3 Rac8 16. Rac1 Rfd8 17. Rfe1 e5 18. dxe5 fxe5 19. Qe3 e4 20. Nd4 Bf4 21. Qe2 Nxd4 22. cxd4 Qxc1 23. Rxc1 Rxc1+ 24. Nf1 Rdc8 25. g3 R8c2 26. Qb5 e3 27. Qe8+ Kg7 28. fxe3 Bxg3 29. Qb5 Bh2+ 30. Kh1 Rf2 0-1

[Event "Varese op 19th"]
[Site "Varese"]
[Date "2022.10.08"]
[Round "2"]
[White "Giovanni, Dario"]
[Black "Polidoro, Ettore"]
[Result "1/2-1/2"]
[WhiteElo "1715"]
[BlackElo "1506"]
[PlyCount "112"]
[EventDate "2022.10.07"]
[EventType "swiss"]
[EventRounds "5"]
[EventCountry "ITA"]
[SourceTitle "EXT 2024"]
[Source "ChessBase"]
[SourceDate "2023.10.10"]
[SourceVersion "1"]
[SourceVersionDate "2023.10.10"]
[SourceQuality "1"]

1. c4 e6 2. d4 d5 3. Nf3 Nf6 4. g3 b6 5. Bg2 Bb7 6. Nbd2 Be7 7. 0-0 0-0 8. b3 Nbd7 9. Bb2 c5 10. Ne5 Nxe5 11. dxe5 Nd7 12. e3 Qc7 13. cxd5 exd5 14. f4 f5 15. Nb1 d4 16. exd4 cxd4 17. Bxd4 Rfd8 18. Qe2 Nf8 19. Be3 Rac8 20. Nd2 Bxg2 21. Kxg2 Qb7+ 22. Qf3 Qa6 23. Rf2 Rd3 24. Nf1 Rcc3 25. Re1 Bc5 26. Rfe2 Ne6 27. Qc6 Kf7 28. Qf3 g6 29. Qa8 Rd8 30. Qc6 Rdd3 31. Qf3 Qc8 32. h3 Qd7 33. Qa8 Bxe3 34. Nxe3 Rc8 35. Qf3 Nd4 36. e6+ Nxe6 37. Qf2 Qb7+ 38. Kh2 Nd4 39. Nc4 Nf3+ 40. Qxf3 Qxf3 41. Ne5+ Kf8 42. Nxf3 Rxf3 43. Rd1 Re8 44. Rc2 Rfe3 45. Rdd2 Re1 46. Kg2 a5 47. h4 b5 48. Kf2 Rh1 49. Re2 Rh2+ 50. Kf3 Rexe2 51. Rxe2 Rxe2 52. Kxe2 Ke8 53. Kd3 Kd7 54. Kd4 Kd6 55. a3 h5 56. a4 b4 1/2-1/2